[Event "Lasker Memorial op"]
[Site "Barlinek"]
[Date "2001.07.23"]
[Round "7"]
[White "Gleizerov, Evgeny"]
[Black "Voitsekhovsky, Stanislav"]
[Result "1/2-1/2"]
[WhiteElo "2587"]
[BlackElo "2476"]
[Annotator "Krasenkow,M"]
[PlyCount "55"]
[EventDate "2001.07.19"]
[EventType "swiss"]
[EventRounds "10"]
[EventCountry "POL"]
[SourceTitle "CBM 085"]
[Source "ChessBase"]
[SourceDate "2001.11.13"]
[SourceVersion "1"]
[SourceVersionDate "2001.11.13"]
[SourceQuality "1"]

1. d4 Nf6 2. c4 g6 3. Nc3 d5 4. cxd5 Nxd5 5. e4 Nxc3 6. bxc3 Bg7 7. Bb5+ Bd7 8.
Be2 c5 9. Nf3 cxd4 10. cxd4 Bc6 11. Qd3 Nd7 (11... f5 {and}) (11... O-O {
are more popular.}) 12. Rb1 b6 $6 {Black abandons theoretical lines but a
manoeuvre like Bc8-d7-c6-b7 should not be sufficient for equality. The
following moves had been played before:} (12... f5 13. Qb3 (13. Ng5 Qa5+ 14.
Bd2 Qxa2 15. exf5 O-O-O $1 16. O-O (16. Ne6 Nc5 $1 17. Nxc5 Rxd4) 16... Nc5 17.
Qh3 Bxd4 $1 $17) (13. exf5 Qa5+ 14. Bd2 Qxf5 15. Qxf5 gxf5 16. Ng5 (16. Bc4 $5
$14) 16... Nf6 17. Ne6 Kf7 18. Ng5+ Ke8 19. Bb5 Bh6 20. Bxc6+ bxc6 21. h4 Nd5
22. Rh3 $14 {1-0 Blees,A-Venis,R/Gent 1992/EXT 98 (32)}) 13... Qb6 14. exf5 (
14. d5 $6 Ba4) 14... Qxb3 15. Rxb3 gxf5 16. Ng5 Nf6 (16... Bd5 17. Bh5+ Kd8 18.
Rb5 Bxa2 19. Bf7 $1 $16 {1/2-1/2 Blees,A-Van Mil,J/Wijk aan Zee 1992/CBM 33
ext (62)}) 17. Bb5 Nd5 18. Bxc6+ bxc6 19. Rf3 Bxd4 20. Rxf5 Bc3+ 21. Bd2 (21.
Kd1 $14 {Levin,F.}) 21... Bxd2+ 22. Kxd2 Rb8 23. Rc1 Rb2+ 24. Rc2 Rxc2+ 25.
Kxc2 Kd7 26. a3 Rg8 27. g3 $14 {1-0 Levin,F-Ernst,T/Groningen 1991/CBM 26 ext 
(54)}) (12... a6 13. O-O O-O 14. d5 Bb5 15. Qe3 Bxe2 16. Qxe2 b5 17. a4 $1 bxa4
18. Ba3 Re8 19. Rfd1 (19. Rfc1 $1 Ne5 20. Nd4 $16 {Poluljahov,A}) 19... Ne5 20.
Nd4 Rc8 21. Qxa6 Qd7 22. h3 Ra8 23. Qe2 Rec8 24. Rb4 Rc3 $132 {0-1 Poluljahov,
A-Neverov,V/Katowice 1992/TD (49)}) 13. O-O O-O 14. Ba3 Re8 15. d5 Bb7 {
[%csl Rb7]} 16. Nd4 $16 {[%csl Gd4]} e6 17. Nc6 $6 {On this square the white
knight in no way harms Black; d6 is the proper place for it!} (17. dxe6 fxe6
18. Nb5 Ne5 19. Qe3 {[%cal Rb5d6]} Nf7 20. Rbc1 $16 {[%cal Rb5c7,Gc1c8,Yf1d1,
Gd1d8]}) 17... Qf6 18. Bb2 Qf4 19. g3 Qd6 {All of a sudden, White's outposts
in the centre are crackling.} 20. Ba3 Nc5 21. Bxc5 Qxc5 {With a pair of
bishops (the g7 one is especially strong) Black has nothing to fear.} 22. Rfc1
Qd6 23. Na5 Bc8 24. Nc4 Qd7 25. Ne3 Rd8 26. Qb3 exd5 27. Nxd5 Bb7 28. Bf3
1/2-1/2

[Event "Montreal 2nd"]
[Site "Montreal"]
[Date "2001.08.05"]
[Round "4"]
[White "Hebert, Jean"]
[Black "Barbeau, Sylvain"]
[Result "0-1"]
[WhiteElo "2427"]
[BlackElo "2365"]
[Annotator "Krasenkow,M"]
[PlyCount "88"]
[EventDate "2001.08.02"]
[EventType "tourn"]
[EventRounds "11"]
[EventCountry "CAN"]
[EventCategory "9"]
[SourceTitle "CBM 085"]
[Source "ChessBase"]
[SourceDate "2001.11.13"]
[SourceVersion "1"]
[SourceVersionDate "2001.11.13"]
[SourceQuality "1"]

1. d4 Nf6 2. c4 g6 3. Nc3 d5 4. cxd5 Nxd5 5. e4 Nxc3 6. bxc3 Bg7 7. Nf3 c5 8.
Rb1 O-O 9. Be2 b6 10. O-O Bb7 11. d5 Bxc3 12. Bc4 Bg7 13. Qe2 Qc8 14. Bg5 Re8
15. e5 Ba6 16. Rbd1 Bxc4 17. Qxc4 Qf5 $146 {With this move Black tries to make
White's kingside attack more difficult, instead of counterplaying at the
queenside.} (17... Qa6 18. Qh4 Qb7 19. Bh6 Nd7 20. e6 fxe6 21. Ng5 Nf8 22. dxe6
Bxh6 23. Qxh6 Red8 24. f4 $44 {0-1 Haba,P-Banas,J/Austria 1997/EXT 99 (43)})
18. Rfe1 (18. Qh4 Nd7 19. Bxe7 Nxe5 20. Nxe5 Bxe5 21. d6 Qd7 {leads to a
favourable position for Black.}) 18... Nd7 19. Bf4 $2 {This passive move
yields advantage to Black.} (19. e6 {was correct, with a good compensation for
the missing pawn.}) 19... b5 20. Qc1 f6 $1 {A good idea - to break down the
white centre.} 21. e6 Nb6 {[%csl Rd5]} 22. Bc7 Nc4 $1 ({Of course not} 22...
Nxd5 23. Qxc5 Nxc7 24. Qxc7 {and White has good counterplay.}) 23. a4 a6 24. h3
Rac8 25. Bf4 g5 26. Bg3 Rcd8 {If the d5 pawn falled, White would be hopeless.
So he must swap the queens and and the passed queenside pawns bring Black a
victory in the endgame.} 27. axb5 axb5 28. Qb1 Qxb1 29. Rxb1 Na3 30. Rb3 b4 31.
Rd1 Nb5 32. Rdd3 Nc3 {The simplest course although} (32... c4 33. Rxb4 cxd3 34.
Rxb5 Rc8 35. Rb3 f5 $1 36. Rxd3 f4 {was good enough to win, too.}) 33. Nd2 f5
34. Bc7 Rc8 35. Ba5 c4 36. Nxc4 Rxc4 37. Rxb4 Rxb4 38. Bxb4 Ne4 39. Rf3 f4 40.
h4 h6 41. hxg5 hxg5 42. g3 Be5 43. gxf4 Bxf4 44. Rh3 Kg7 0-1

[Event "RUS-chT 16th"]
[Site "Dagomys"]
[Date "2009.04.08"]
[Round "5"]
[White "Dreev, Alexey"]
[Black "Roiz, Michael"]
[Result "1/2-1/2"]
[WhiteElo "2668"]
[BlackElo "2635"]
[Annotator "Krasenkow,M"]
[PlyCount "63"]
[EventDate "2009.04.04"]
[EventType "team-tourn"]
[EventRounds "7"]
[EventCountry "RUS"]
[SourceTitle "EXT 2020"]
[Source "ChessBase"]
[SourceDate "2019.10.17"]
[SourceVersion "1"]
[SourceVersionDate "2019.10.17"]
[SourceQuality "1"]
[WhiteTeam "Sverdlovsk Ural region"]
[BlackTeam "Saratov Ekonomist SGSEU"]
[WhiteTeamCountry "RUS"]
[BlackTeamCountry "RUS"]

1. d4 Nf6 2. c4 g6 3. Nc3 d5 4. cxd5 Nxd5 5. Bd2 Bg7 6. e4 Nxc3 7. Bxc3 O-O 8.
Qd2 (8. Nf3 {and}) (8. Bc4 {are played more often. About the latter move - see
annotations to Grischuk-Krasenkow in CBM 110.}) 8... c5 $1 {[%mdl 512]} ({
Usually Black plays} 8... Nd7 {to prepare ...c7-c5. However, Michael Roiz
boldly sacrifices the pawn.}) 9. dxc5 $146 (9. d5 Bxc3 10. Qxc3 e6 $1 11. dxe6
(11. O-O-O exd5 12. exd5 Nd7 $13) (11. Bc4 b5 $1 12. Bxb5 exd5 $13) 11... Bxe6
12. Nf3 Qe7 13. Be2 Nc6 14. O-O Rfd8 15. Rfc1 b6 16. a3 Bg4 17. Re1 a5 18. h3
Bxf3 19. Bxf3 Nd4 20. e5 Nxf3+ 21. Qxf3 Ra7 22. Re4 Rad7 $15 {1/2-1/2
Solozhenkin,E-Holmsten,A/Finland 2005/EXT 2007 (31)}) 9... Qxd2+ 10. Kxd2 Rd8+
11. Kc2 Bxc3 12. Kxc3 Be6 $44 {The white king is unsafe, so Black has no
problems regaining the material.} 13. Nf3 Nd7 (13... Rc8 $5 14. b4 a5 15. Bb5
axb4+ 16. Kxb4 Nc6+ 17. Bxc6 bxc6 $44) 14. b4 a5 15. Bb5 Nf6 16. Rhe1 axb4+ 17.
Kxb4 Bxa2 18. Re2 (18. Ne5 $5 Be6 (18... Rd4+ $143 19. Bc4 Ng4 (19... Nxe4 $2
20. f3 Nd2 21. Kc3) 20. Rxa2 Rxa2 21. Nxg4 Rc2 22. Ne5 $1 {and White keeps the
material gains}) 19. f3 {[%cal Ye5c4,Yc4b6] was the last chance to create some
pressure.}) 18... Be6 19. Rxa8 Rxa8 20. Ne5 Ra1 $132 21. f3 Rb1+ 22. Ka5 Ra1+
23. Kb6 Rb1 24. Rd2 g5 25. Ka5 Ra1+ 26. Kb6 Rb1 27. Nd3 Nd7+ 28. Ka5 b6+ 29.
cxb6 Ra1+ 30. Kb4 Nxb6 31. Ne5 Rc1 32. Nd3 1/2-1/2

[Event "Ordzhonikidze zt 1.9"]
[Site "Ordzhonikidze"]
[Date "2000.06.13"]
[Round "5"]
[White "Kruppa, Yuri"]
[Black "Zubov, Alexander"]
[Result "1/2-1/2"]
[WhiteElo "2561"]
[BlackElo "2482"]
[Annotator "Krasenkow,M"]
[PlyCount "42"]
[EventDate "2000.06.09"]
[EventType "swiss"]
[EventRounds "9"]
[EventCountry "UKR"]
[SourceTitle "CBM 078"]
[Source "ChessBase"]
[SourceDate "2000.10.18"]
[SourceVersion "1"]
[SourceVersionDate "2000.10.18"]
[SourceQuality "1"]

1. d4 Nf6 2. c4 g6 3. Nc3 d5 4. cxd5 Nxd5 5. e4 Nxc3 6. bxc3 Bg7 7. Nf3 O-O 8.
Be2 c5 9. h3 {Amazingly, after the recent game Kramnik-Kasparov this move
attained some popularity!} b5 {Kasparov played the same. The other moves
recently tried:} (9... Nc6 10. Be3 cxd4 (10... b6 11. Qd2 (11. O-O Bb7 12. d5
Ne5 13. Nxe5 Bxe5 14. Qb3 f5 15. f4 Bg7 16. d6+ Kh8 17. e5 exd6 18. Rad1 Qh4
19. Rxd6 Qg3 20. Bf3 Bxf3 21. Rxf3 Qe1+ 22. Kh2 Rad8 23. Bf2 Qe4 24. Bh4 Rde8
25. e6 c4 26. Qa4 Rxe6 27. Rxe6 Qxe6 28. Qxa7 Re8 29. a4 Qc6 30. Bf2 Ra8 31.
Qf7 Rf8 32. Qe7 Re8 33. Qb4 Ra8 34. Qxb6 Qxb6 35. Bxb6 Rxa4 36. Re3 Kg8 37. Bd4
Bxd4 38. cxd4 Kf7 {1/2-1/2 Polovodin,I-Bagirov,R/White Nights Men 2000}) 11...
cxd4 12. cxd4 Bb7 13. Rd1 Na5 14. d5 Rc8 15. Bd4 Nc4 16. Bxc4 Rxc4 17. O-O Qd6
18. Bxg7 Kxg7 19. Nd4 Qb4 20. Qe3 Rd8 21. f4 Qd6 22. f5 Kh8 23. fxg6 Qxg6 24.
Rf4 Bc8 25. Qf3 f6 26. Nc6 Re8 27. Rf1 Bd7 28. Nxe7 Rxe7 29. Rxf6 Qg5 30. Rf8+
Kg7 31. Rg8+ {1-0 Kruppa,Y-Bagirov,R/White Nights Men 2000}) 11. cxd4 Qa5+ (
11... b6 12. O-O Bb7 13. Rc1 Rc8 14. Qa4 (14. Qd2 e6 15. Bg5 Qe8 16. Bb5 a6 17.
Ba4 b5 18. Bb3 Ne7 19. Qb4 Nc6 20. Qd6 h6 21. d5 hxg5 22. dxe6 f6 23. Qd7 Ba8
24. Rc5 Kh8 25. Bd5 Ne5 26. Rxc8 Qxc8 27. Nxe5 fxe5 28. Bxa8 Qxa8 29. Rd1 Qxe4
30. e7 Rxf2 31. Kxf2 Qf4+ 32. Kg1 {1-0 Koka,O-Feller,C/Bern op 1996}) 14... Na5
15. Nd2 Bc6 16. Qb4 e6 17. f3 Re8 18. Bb5 Bxb5 19. Rxc8 Qxc8 20. Qxb5 Qc3 $4
21. Qxe8+ {1-0 Bobak,S-Dudik,C/It, Debrecen HUN 1998}) 12. Bd2 Qa3 13. d5 Ne5 (
13... Bxa1 14. Qxa1 Nb4 15. O-O f6 16. Rc1 a5 17. Bb5 b6 18. Rc3 Qxa2 19. Qxa2
Nxa2 20. Ra3 Nb4 21. Bxb4 Ba6 22. Bxe7 Bxb5 23. Bxf8 Kxf8 24. Rb3 Bc4 25. Rxb6
a4 26. Rxf6+ Kg8 27. Rc6 Bd3 28. Nd2 a3 29. Rc1 a2 30. Ra1 Ra4 31. f3 Kf7 32.
Kf2 Bc2 33. h4 Kf6 34. f4 Bxe4 35. Nxe4+ Rxe4 36. Rxa2 Rxf4+ 37. Kg3 Rd4 38.
Ra5 Ke5 {1/2-1/2 Hoeksema,E-Ernst,S/Open 2000}) (13... Nb4 14. O-O a5 15. Bc1
Qc3 16. Rb1 Nxa2 17. Bb2 Qc7 18. Bxg7 Kxg7 19. Rb3 Kg8 20. Qa1 a4 21. Qxa2 axb3
22. Qxa8 Qc2 23. Bd1 Qxe4 24. Qa3 Qxd5 25. Bxb3 Qb5 26. Re1 e6 27. Ne5 h5 28.
Re3 b6 29. Qe7 {1-0 Kruppa,Y-Polovodin,I/White Nights Men 2000}) 14. Nxe5 Bxe5
15. Rb1 (15. O-O Bd7 16. Rb1 Qxa2 17. Rxb7 Ba4 18. Qe1 Rfb8 19. Rb4 Rxb4 20.
Bxb4 Rc8 21. Ba6 Rc7 22. Qb1 Qxb1 23. Rxb1 Bc2 {1/2-1/2 Onischuk,A-Ftacnik,L/
Bundesliga 1999-2000 2000}) 15... f5 16. O-O a5 17. Bc4 Kg7 18. exf5 Rxf5 19.
Be3 b5 20. Bxb5 Qxa2 21. Qc1 h5 22. Be8 Bb7 23. Bxg6 Qxd5 24. Rxb7 Kxg6 25. Qb1
Kf6 26. Rd1 Qe6 27. Rb6 Bd6 28. Bd4+ Kg5 29. Be3+ Kf6 30. Re1 Qd5 31. Rd1 {
1/2-1/2 Henrichs,T-Van de Mortel,J/NED-chT 2000}) (9... b6 $5 {restricting
White's possibilities as after ...Bb7 he will have to protect the e4 pawn} 10.
Be3 (10. O-O Bb7 11. Qd3 (11. e5 cxd4 12. cxd4 Na6 13. Qa4 Nc7 14. Ba3 Qe8 15.
Qb3 Qd7 16. Rad1 Bd5 17. Bc4 Rac8 18. Nd2 Bh6 19. Bxd5 Nxd5 20. Ne4 Qc6 21. Qg3
Rfe8 22. Qh4 Bg7 23. Rd3 f5 {0-1 Gawlikowski,S-Taimanov,M/Szczawno Zdroj 1950 
(33)}) 11... Nd7 12. Bg5 Nf6 13. d5 h6 14. Be3 e6 15. c4 exd5 16. exd5 Re8 17.
Rad1 Ne4 18. Rc1 Bc8 19. Qb3 Bd7 20. Rfe1 Qf6 21. Nd2 Nd6 22. Bd3 Re7 23. Nf1
Rae8 24. Bd2 Rxe1 25. Rxe1 Rxe1 {Mikhalevski,V-Svidler,P/Oz.com qualifier
blitz 2000/0-1 (43)}) 10... Bb7 11. Qd3 Qc7 (11... Nd7 12. O-O Nf6 13. Nd2 Qd7
14. a4 Rfd8 15. a5 cxd4 16. cxd4 e6 17. Rfb1 b5 18. a6 Bc6 19. Bf3 Rab8 20. Nb3
b4 21. Nc5 Qe7 22. Qc4 Nd7 23. Nd3 Rdc8 24. Rxb4 Nb6 25. Qb3 Qd8 26. Nc5 {
Golod,V-Svidler,P/Oz.com qualifier blitz 2000/1-0 (68)}) (11... cxd4 $5 12.
cxd4 e6 13. O-O Nc6 14. Rab1 Qd6 15. Rfd1 Rac8 {1/2-1/2 Nielsen,P-Schandorff,L/
DEN-ch 2000}) 12. O-O Rd8 13. Rfd1 (13. Rac1 Nd7 14. d5 c4 15. Qxc4 Qxc4 16.
Bxc4 Rac8 17. Bb5 Nc5 18. Nd2 e6 19. dxe6 Nxe6 20. Bc4 Nf8 21. Bb3 Bxc3 22. Nc4
Bf6 23. e5 Be7 24. Rfd1 Bd5 25. f4 h5 26. g4 hxg4 27. hxg4 Be6 28. g5 Rxd1+ {
0-1 Polak,T-Schulze,U/Open 2000}) 13... Nd7 14. Qb1 h6 15. a4 e6 16. Ra2 Rac8
17. d5 exd5 18. exd5 c4 19. a5 bxa5 20. d6 Qc6 21. Rxa5 a6 22. Qc1 Re8 23. Bf1
Kh7 24. Bd4 f6 $13 {Buhmann,R-Schulze,U/BL2-Sued9900 2000/1-0 (71)}) 10. Be3
Bb7 11. Qd3 cxd4 12. cxd4 Nd7 13. O-O Nb6 14. Qb1 Na4 15. Rc1 $146 {An attempt
of improvement.} (15. Qxb5 Nc3 16. Qxb7 Nxe2+ 17. Kh1 Nxd4 18. Rad1 e5 19. Nxe5
Bxe5 20. f4 Bg7 21. e5 Qb6 $1 22. Qxb6 axb6 23. Bxd4 Rxa2 24. Bxb6 $14 {
1/2-1/2 Kramnik,V-Kasparov,G/Corus 2000 (37)-CBM75}) 15... a6 16. Bd1 Qd7 17.
Ne5 Bxe5 $5 {No prejudice! Black expects that with Qb1 and Ra1 White will
hardly create a dangerous kingside attack.} 18. dxe5 Rfc8 {[%cal Ra4c3]} 19.
Bxa4 (19. Qb4 $5 Rxc1 20. Rxc1 a5 21. Qb1 b4) 19... Rxc1+ 20. Bxc1 bxa4 21. Ba3
Qd4 1/2-1/2

[Event "Dortmund GM"]
[Site "Dortmund"]
[Date "2000.07.09"]
[Round "3"]
[White "Varga, Zoltan"]
[Black "Mikhalchishin, Adrian"]
[Result "1-0"]
[WhiteElo "2541"]
[BlackElo "2544"]
[Annotator "Krasenkow,M"]
[PlyCount "91"]
[EventDate "2000.07.07"]
[EventType "tourn"]
[EventRounds "9"]
[EventCountry "GER"]
[EventCategory "9"]
[SourceTitle "CBM 078"]
[Source "ChessBase"]
[SourceDate "2000.10.18"]
[SourceVersion "1"]
[SourceVersionDate "2000.10.18"]
[SourceQuality "1"]

1. d4 Nf6 2. c4 g6 3. Nc3 d5 4. cxd5 Nxd5 5. Bd2 Nb6 6. Bg5 Bg7 7. e3 h6 {
Black can also do without this move - see CBM72.} 8. Bh4 O-O 9. Nf3 (9. Rc1 $5
{preventing ...c5 altogether} N8d7 10. Nf3 a5 (10... c6 $5 {[%cal Yd8e8,Ye7e5]}
) 11. h3 a4 12. a3 c6 13. Bd3 Nf6 14. O-O Nfd5 15. Bg3 Be6 16. Qe2 Nxc3 17.
bxc3 Nd7 18. c4 f5 19. Rfd1 Qe8 20. d5 Bf7 21. e4 fxe4 22. Bxe4 Nc5 23. Ne5 Nb3
{Veingold,A-Sion Castro,M/ESP-chT Div 2 1999/1-0 (41)}) 9... g5 (9... c5 $5 10.
dxc5 N6d7 11. Rc1 (11. Bc4 Nc6 12. O-O Nxc5 13. Qe2 Bg4 $1 14. Rad1 (14. Rac1
$5 $13 {Ruban,V}) 14... Qa5 15. Nd5 g5 16. Bg3 e6 17. Nc7 Rac8 18. Nb5 Ne4 $1
$15 {1/2-1/2 Ruban,V-Mikhalchishin,A/Jugoslavija 1993}) 11... Nc6 12. Bb5 Nxc5
13. O-O g5 14. Bg3 Bg4 15. Qe2 a6 $6 16. Bxc6 bxc6 17. Qc4 Bxf3 18. gxf3 Nd3
19. Rc2 Ra7 20. Rd1 Rd7 21. Qxc6 Ne5 22. Rxd7 Nxc6 23. Rxd8 Rxd8 24. a3 Ne5 25.
Bxe5 Bxe5 26. Na4 Kg7 {Cebalo,M-Horvath,C/ch-CRO (team) 1999/1-0 (38)}) 10. Bg3
c5 $6 11. dxc5 Bxc3+ {A typical dilemma for this and many other Gruenfeld
lines: which is more important, the bishop pair or the pawn structure? In this
situation, however, the additional factor, i.e. Black's weakened kingside,
leads to a favourable outcome for White.} 12. bxc3 Qxd1+ 13. Rxd1 Na4 14. h4 $1
g4 15. Ne5 Nxc3 (15... Nxc5 16. f3 $5) 16. Rd4 Nc6 17. Nxc6 bxc6 {It is
important now that the white bishop controls the b8 square.} 18. Bc4 Bf5 19.
Be5 (19. f3 $1 {not allowing the knight to e4, was apparently more accurate:}
Rfd8 20. Be5 Rxd4 21. Bxd4 Rb8 22. Bb3 (22. O-O $143 Be6 23. Bxe6 Ne2+ 24. Kf2
Nxd4) 22... Nb5 23. Be5 $16) {However, Black doesn't take his chance.} 19...
Na4 $2 (19... Ne4 $142 $1 20. f3 $1 (20. Bd3 Rfd8 $1 21. Bxe4 $2 Rxd4 22. Bxf5
$2 Rd5) 20... Nxc5 21. fxg4 $14) 20. Rf4 Bd7 21. h5 $1 (21. Bxf7+ Rxf7 22. Rxa4
{was probably sufficient for a victory, too. However, White prefers a kingside
attack.}) 21... Nxc5 22. Rh4 $1 Kh7 23. Bd4 $1 f5 $8 (23... Ne6 24. Bd3+ Kg8
25. Rfxg4+ Ng5 26. Rg3 $18 {[%cal Rf2f4]}) 24. Bxc5 e5 25. Bxf8 Rxf8 26. Rhxg4
exf4 27. Rxf4 {Black has avoided mate but, a pawn down and with for isolated
pawns, he has no chances to survive.} Kg7 28. Rd4 Be8 29. Be2 Rf7 30. Rd8 Re7
31. Rc8 Kf6 32. Kd2 Re5 33. f4 Re7 34. Bf3 Ke6 35. Bxc6 Bxh5 36. Rh8 Bg6 37.
Rxh6 Kf6 38. Rh8 Rc7 39. Ba4 Rg7 40. Rf8+ Ke7 41. Ra8 Kd6 42. Bb3 Bh7 43. Kc3
Re7 44. Kd4 Re4+ 45. Kd3 Re7 46. Rf8 1-0

[Event "Vidmar Memorial 14th"]
[Site "Portoroz"]
[Date "2001.07.04"]
[Round "2"]
[White "Gelfand, Boris"]
[Black "Mikhalchishin, Adrian"]
[Result "1/2-1/2"]
[WhiteElo "2714"]
[BlackElo "2518"]
[Annotator "Krasenkow,M"]
[PlyCount "41"]
[EventDate "2001.07.03"]
[EventType "tourn"]
[EventRounds "9"]
[EventCountry "SLO"]
[EventCategory "14"]
[SourceTitle "CBM 085"]
[Source "ChessBase"]
[SourceDate "2001.11.13"]
[SourceVersion "1"]
[SourceVersionDate "2001.11.13"]
[SourceQuality "1"]

1. d4 Nf6 2. c4 g6 3. Nc3 d5 4. cxd5 Nxd5 5. e4 Nxc3 6. bxc3 Bg7 7. Nf3 c5 8.
Rb1 O-O 9. Be2 b6 10. O-O Bb7 11. d5 Bxc3 12. Bc4 {This interesting piece
sacrifice was examined more closely in CBM 84.} Bg7 13. Bf4 ({for} 13. Qe2 {
see the game Hebert-Barbeau in this issue.}) 13... Ba6 14. Qe2 Qc8 15. e5 Bxc4
16. Qxc4 e6 (16... Qa6 {can be answered with} 17. Rb5) 17. d6 (17. Rbd1 exd5
18. Rxd5 Nc6 {doesn't bring White sufficient compensation for the pawn.}) 17...
Nc6 18. Rbd1 Qd7 19. Rfe1 Rae8 20. Bg5 {[%cal Yc4h4]} f6 21. exf6 ({After} 21.
exf6 Bxf6 22. Bxf6 (22. Qh4 $6 Bg7) 22... Rxf6 {White's strong d6 pawn
guarantees him sufficient counterplay for the missing pawn.}) 1/2-1/2